| 000 | 00384nam a2200145Ia 4500 | ||
|---|---|---|---|
| 008 | 230312s9999||||xx |||||||||||||| ||und|| | ||
| 020 | _a81-203-2756-6 | ||
| 082 |
_a621.382 _bCIL-A |
||
| 100 | _aCiletti;Michael.D | ||
| 245 | 0 | _aAdvanced Digital Design With Verilog HDL | |
| 260 |
_bPHI _aIndia _c2014 |
||
| 300 | _a982 | ||
| 650 |
_aEngineering _vElectrical Engineering |
||
| 942 | _cBK | ||
| 999 |
_c10679 _d10679 |
||